00357nam a2200097Ia 4500008004100000100003500041245007100076260003700147650001400184856006100198160909s9999 xx 000 0 und d aPyle, Stephanie J. Asteriadis. aCampus Community Readiness and the Prevention of Gambling Problems bUniversity of Nevada, Renoc2016 aEDUC/SPED uhttp://pqdtopen.proquest.com/doc/1808428047.html?FMT=ABS